Guess Sleep Token songs by lyrics #4 - Statistics

General Stats
  • This quiz has been taken 204 times
  • The average score is 6 of 9
Answer Stats
Lyrics Song % Correct
And these days I'm a picture frame Screaming at the sunshine, singing in the rain Sugar on the blood cells, carbon on the brain All of Eden's vices running through my veins Aqua Regia
95%
When you'd sit there acting likе you know me Acting like you only brought me here to get below me Never mind the death threats, parting at the door We'd rather be six feet under than be lonely Granite
94%
Just let me know If nowadays, the outer rounds of heaven don't Keep up on the charm offensive anymore Failing to remind you what you're living for Missing Limbs
64%
And you know I'll be yours When the moment is perfect I will fire and forget till we both lay broken And you know I'll be yours Just want to be worth it I will run like the wind till you follow me again Take Aim
62%
Oh, and give Give me all All that I want Just give me all Hypnosis
60%
You are more than warm belief Melting skywards More than silence broken I'm whole again For just a moment Till the morning comes Calcutta
57%
We are not young enough to know How to sit and say nothing like we would And you are too tired to control How you look like you feel like you should The Way That You Were
55%
You become starving Darling, I'm noticing my flaws And I'm matching them with yours Won't you take me where you're going This time? Shelter
49%
Something to confide in Something to erase Just look at where we're lying An invisible space Thread the Needle
47%
No matching quizzes found
Score Distribution
Percent of People with Each Score
Percentile by Number Answered
Your Score History
You have not taken this quiz